| 000 | 00892 a2200241 4500 | ||
|---|---|---|---|
| 003 | Nust | ||
| 005 | 20170207171638.0 | ||
| 010 | _a 00064156 | ||
| 020 | _a080705643X (pa : alk. paper) | ||
| 040 | _cNust | ||
| 082 | 0 | 0 | _a330.9 |
| 100 | 1 | _aPolanyi, Karl, | |
| 245 | 1 | 4 |
_aThe great transformation : (E-BOOK) _bthe political and economic origins of our time / _cKarl Polanyi ; foreword by Joseph E. Stiglitz ; introduction by Fred Block. |
| 250 | _a2nd Beacon Paperback ed. | ||
| 260 |
_aBoston, MA : _bBeacon Press, _c2001. |
||
| 300 | _axli, 317 p. ; 22 cm. | ||
| 500 | _aOriginally published: New York : Farrar & Rinehart, 1944 and reprinted in 1957 by Beacon in Boston. | ||
| 650 | 0 | _aEconomic history. | |
| 650 | 0 |
_aEconomics _xHistory. |
|
| 650 | 0 | _aSocial history. | |
| 651 | _aE-BOOK | ||
| 856 | 4 | 2 |
_3Publisher description _uhttp://www.loc.gov/catdir/description/hm031/00064156.html |
| 942 |
_2ddc _cBK |
||
| 999 |
_c218005 _d218005 |
||